000 01269cam a2200337 4500
001 M1771
008 090401t1995 xxu||||| |||| 00| 0 eng d
035 _a(Sirsi) u34394
041 _aeng
050 _a333.33026
100 _aHerbert-Smith, Tim
245 _aStandard terms and conditions of business for agency instructions.
260 _aLondon
_bRICS Benevolent Fund
_c1995
300 _aii,20,2p. ; 30cm.
350 _a88.12
520 _aCompiled by the Terms of Engagement Working Party of the RICS General Practice Division Central London Branch, the document brings together standard terms used by a number of leading agents in commercial transactions. .
650 _aAGENCY INSTRUCTIONS
650 _aPROPERTY-COMMERCIAL PROPERTY
650 _aCONDITIONS OF ENGAGEMENT
650 _aESTATE AGENCY
650 _aESTATE AGENTS ACT 1979
650 _aSTANDARD TERMS
690 _aMANAGEMENT-BUSINESS MANAGEMENT-PROFESSIONAL PRACTICE
700 _aTaylor, Richard
700 _aFrench, Ivor A.
710 _aRoyal Institution of Chartered Surveyors
_bBenevolent Fund
_93408
710 _aNabarro Nathanson
_93048
710 _aRoyal Institution of Chartered Surveyors
_bCentral London Branch
_9786
942 _n0
948 _c04/03/1997
999 _c89935
_d89935